00597nam a22001817a 450000500170000001000150001702000260003203500130005803700130007108200080008410000220009224500870011426000420020127000790024330000210032250000500034370000220039320140925122216.0 aENG-110914 a9788192958262c610.00 aEN-94446 bDBAD/PUB a323 aMishra, Saroj Kr. aHuman rights and traditional justice /cby Saroj Kr. Mishra [and] Ajay Kumar Yadav aNew DelhibGyan Geeta Prakashanc2014 aF-7, Gali no. 1, Panchsheel Garden Ext. Naveen ShahdarabNew Delhie110032 a296p. c22cm(Hb) aIncludes bibliographical references and index aYadav, Ajay Kumar